Southville International School and Colleges
Your cart is empty.
  • Cart
  • Lists
    Public lists Eva Luna New books Lux_list list_1
    Your lists Log in to create your own lists
  • Log in to your account
  • Your cookies
  • Search history
Southville International School and Colleges
  • Advanced search
  • Recent comments
  • Most popular
  • Libraries

Log in to your account

Log in with GOOGLE


If you do not have an external account, but do have a local account, you can still log in:

  1. Home
  2. MARC view: Where do insects live? /
Normal view MARC view ISBD view

Where do insects live? / (Record no. 115417)

[ view plain ]
MARC details
000 -LEADER
fixed length control field 00710nam a2200217 a 4500
001 - CONTROL NUMBER
control field 0946
005 - DATE AND TIME OF LATEST TRANSACTION
control field 20140414132145.0
008 - FIXED-LENGTH DATA ELEMENTS--GENERAL INFORMATION
fixed length control field 041008s19uu xx 00 eng d
020 ## - INTERNATIONAL STANDARD BOOK NUMBER
International Standard Book Number 0-590-39793-1
050 ## - LIBRARY OF CONGRESS CALL NUMBER
Classification number KIT (SER) 595.7
Item number C16 1998
100 ## - MAIN ENTRY--PERSONAL NAME
Personal name Canizares, Susan
245 ## - TITLE STATEMENT
Title Where do insects live? /
Statement of responsibility, etc Susan Canizares, Mary Reid.
260 ## - PUBLICATION, DISTRIBUTION, ETC. (IMPRINT)
Place of publication, distribution, etc New York :
Name of publisher, distributor, etc Scholastic Inc.,
Date of publication, distribution, etc 1998.
300 ## - PHYSICAL DESCRIPTION
Extent 1 v. (unp.) ; ill.
440 ## - SERIES STATEMENT/ADDED ENTRY--TITLE
Title Science emergent readers
500 ## - GENERAL NOTE
General note "Scholastic early childhood"--Includes index
520 ## - SUMMARY, ETC.
Summary, etc Photographs and simple text describe the habitats of different insects.
650 ## - SUBJECT ADDED ENTRY--TOPICAL TERM
Topical term or geographic name as entry element Insects
General subdivision Habitat
-- Juvenile literature
Holdings
Withdrawn status Lost status Source of classification or shelving scheme Damaged status Home library Current library Shelving location Date acquired Source of acquisition Total Checkouts Full call number Barcode Date last seen Price effective from Koha item type Use restrictions
    Library of Congress Classification   Munich Library Munich Library KIT Section 10/08/2004     KIT (SER) 595.7 C16 1998 MU1987m 04/14/2014 04/14/2014 Kits  
        Munich Library Munich Library KIT Section 10/08/2004     KIT (SER) 595.7 C16 1998 MU1988m 04/14/2014 04/14/2014 Kits  

Where do insects live? /

APA

Canizares S., . (1998). Where do insects live?. New York: Scholastic Inc.

Chicago

Canizares Susan, . 1998. Where do insects live?. New York: Scholastic Inc.

Harvard

Canizares S., . (1998). Where do insects live?. New York: Scholastic Inc.

MLA

Canizares Susan, . Where do insects live?. New York: Scholastic Inc. 1998.

  • Place hold
  • Print
  • Cite
  • Add to your cart (remove)
  • Save record
    BIBTEX Dublin Core MARCXML MARC (non-Unicode/MARC-8) MARC (Unicode/UTF-8) MARC (Unicode/UTF-8, Standard) MODS (XML) RIS
  • More searches
    Search for this title in:
    Other Libraries (WorldCat) Other Databases (Google Scholar) Online Stores (Bookfinder.com) Open Library (openlibrary.org)

Exporting to Dublin Core...

SOUTHVILLE LIBRARY

Southville International School and Colleges Library

1281 Tropical Ave. Cor. Luxembourg St., BF Homes International, Las Pinas City

Tel. No. 8256374 / 252358 Loc. 117/146

Powered by Koha